000 00309nam a2200133Ia 4500
008 240624s9999 xx 000 0 und d
041 _aeng
082 _a823 RAN
100 _aRAND AYN
245 _aVIRTUE OF SELFISHNESS
260 _c1964
_aNew York
_bSignet
300 _axii, : 173 : cm. ; 18
365 _cRS
999 _c2356
_d2356